| 000 | 01064nam a2200313 a 4500 | ||
|---|---|---|---|
| 001 | 74477 | ||
| 003 | BD-RjUL | ||
| 005 | 20211209082546.0 | ||
| 008 | 181007r20102009nyua b 001 0 eng | ||
| 020 | _a9780073378831 (alk. paper) | ||
| 020 | _a0073378836 (alk. paper) | ||
| 020 | _a9780071070614 | ||
| 020 | _a0071070613 | ||
| 035 | _a(OCoLC)ocn184906264 | ||
| 035 | _a(OCoLC)184906264 | ||
| 040 |
_aDLC _cDLC _dYDX _dYDXCP _dDLC _dBD-RjUL _beng |
||
| 041 | _aeng | ||
| 082 | 0 | 0 |
_a302.23 _222 _bDOD 2010 |
| 100 | 1 |
_aDominick, Joseph R. _9223330 |
|
| 245 | 1 | 4 |
_aThe dynamics of mass communication : _bmedia in the digital age / _cJoseph R. Dominick. |
| 250 | _a10th ed. | ||
| 260 |
_aNew Delhi : _bTata Mcgraw-Hill, _cc2010. |
||
| 300 |
_axxv, 457, [16] p. : _bill. (chiefly col.) ; _c28 cm. + _e1 DVD-ROM (4 3/4 in.) |
||
| 504 | _aIncludes bibliographical references and index. | ||
| 650 | 0 |
_aMass media. _9223331 |
|
| 856 | 4 | 1 |
_3Table of contents only _uhttp://www.loc.gov/catdir/toc/ecip086/2007051525.html |
| 942 |
_2ddc _cBK |
||
| 999 |
_c74477 _d74477 |
||